Memes of 2025 - Statistics

General Stats
  • This quiz has been taken 2,740 times
  • The average score is 9 of 14
Answer Stats
Hint Answer % Correct
Two numbers that both start with S and is the result of 100-33 (type numbers, no spaces) 67
89%
"CHICKEN ______" JOCKEY
82%
Tralalero tralala, tung tung tung sahur, bombardino crocodilo, etc. (what kind of brainrot is it) Italian brainrot
80%
A yellow condiment that a popular rapper screams at the beginning of a song MUSTARD
79%
This meme was MASSIVE Low taper fade
74%
"In the big __ 🥀" 25
72%
What j word are people online scared of? Job
70%
"I bought a property in _____" Egypt
67%
"_ students are the inventors" F
67%
Eye of ___ Rah
59%
They like to dive into very small areas cave divers
47%
He dived into a pool at 7:36, floated in the air for 4 minutes, then entered the water at 7:40 Ashton Hall
46%
"What's that? What's a ______?" father
41%
"...rhymes with ____" Grug
28%
No matching quizzes found
Score Distribution
Percent of People with Each Score
Percentile by Number Answered
Your Score History
You have not taken this quiz